[Event "Wch Rapid"]
[Site "Moscow RUS"]
[Date "2019.12.26"]
[Round "2.31"]
[White "Cheparinov, Ivan"]
[Black "Samsonkin, Artiom"]
[Result "1/2-1/2"]
[WhiteElo "2687"]
[BlackElo "2428"]
[PlyCount "72"]
[EventDate "2019.12.26"]
[EventType "swiss (rapid)"]
[EventRounds "15"]
[EventCountry "RUS"]
[Source "ChessMix"]
[SourceDate "2020.01.01"]

1. d4 Nf6 2. c4 e6 3. Nf3 Bb4+ 4. Nbd2 O-O 5. a3 Be7 6. e4 d6 7. Qc2 Nfd7 8.
Be2 a5 9. b3 e5 10. Bb2 exd4 11. Nxd4 Nc6 12. O-O Nxd4 13. Bxd4 Bf6 14. Qb2 Re8
15. Rad1 Bxd4 16. Qxd4 Qf6 17. Qxf6 Nxf6 18. Bd3 Nd7 19. Bc2 Nc5 20. Rfe1 Bd7
21. Nb1 b5 22. cxb5 Bxb5 23. Nc3 Bc6 24. Rb1 Rab8 25. f3 Rb7 26. b4 axb4 27.
axb4 Ne6 28. b5 Bd7 29. Bd3 Reb8 30. Rec1 Kf8 31. Kf2 Nd4 32. Ke3 Nxb5 33. Nxb5
Bxb5 34. Rxb5 Rxb5 35. Bxb5 Rxb5 36. Rxc7 Rb2 1/2-1/2

[Event "Wch Rapid"]
[Site "Moscow RUS"]
[Date "2019.12.26"]
[Round "3.36"]
[White "Samsonkin, Artiom"]
[Black "Vidit, Santosh Gujrathi"]
[Result "1/2-1/2"]
[WhiteElo "2428"]
[BlackElo "2721"]
[PlyCount "61"]
[EventDate "2019.12.26"]
[EventType "swiss (rapid)"]
[EventRounds "15"]
[EventCountry "RUS"]
[Source "ChessMix"]
[SourceDate "2020.01.01"]

1. e4 c5 2. Nf3 d6 3. d4 cxd4 4. Qxd4 Nc6 5. Bb5 Bd7 6. Bxc6 Bxc6 7. Nc3 Nf6 8.
Bg5 e6 9. O-O-O Be7 10. Rhe1 Qa5 11. Kb1 O-O 12. Qd2 Qc7 13. Nd4 Rfd8 14. f3 a6
15. g4 b5 16. h4 Bb7 17. Nce2 Rac8 18. Ng3 Ne8 19. Bxe7 Qxe7 20. g5 g6 21. h5
e5 22. Ndf5 gxf5 23. Nxf5 Qe6 24. g6 fxg6 25. hxg6 Rd7 26. Qh6 hxg6 27. Rg1 Kf7
28. Qh7+ Kf8 29. Qh6+ Kf7 30. Qh7+ Kf8 31. Qh6+ 1/2-1/2

[Event "Wch Rapid"]
[Site "Moscow RUS"]
[Date "2019.12.26"]
[Round "4.38"]
[White "Adhiban, Baskaran"]
[Black "Samsonkin, Artiom"]
[Result "1-0"]
[WhiteElo "2654"]
[BlackElo "2428"]
[PlyCount "75"]
[EventDate "2019.12.26"]
[EventType "swiss (rapid)"]
[EventRounds "15"]
[EventCountry "RUS"]
[Source "ChessMix"]
[SourceDate "2020.01.01"]

1. d4 Nf6 2. c4 e6 3. Nc3 Bb4 4. e3 O-O 5. Bd2 a5 6. a3 Bxc3 7. Bxc3 Ne4 8. Rc1
Qe7 9. Bd3 Nxc3 10. Rxc3 d6 11. c5 Nc6 12. cxd6 cxd6 13. Nf3 e5 14. d5 e4 15.
dxc6 exd3 16. c7 Bg4 17. Qxd3 Bxf3 18. gxf3 Rfc8 19. Qe4 Rxc7 20. Qxe7 Rxe7 21.
Ke2 Re5 22. Rb3 b5 23. Rd1 Ra6 24. Rbd3 Re6 25. Rd5 Rb6 26. h4 Kf8 27. Rc1 Re5
28. Rcd1 Ke7 29. f4 Re6 30. Rc1 Rb7 31. b3 Rh6 32. h5 Re6 33. Rc6 a4 34. b4 Rh6
35. Kd3 g6 36. hxg6 Rxg6 37. Rh5 Rg2 38. Ke2 1-0

[Event "Wch Rapid"]
[Site "Moscow RUS"]
[Date "2019.12.26"]
[Round "5.58"]
[White "Samsonkin, Artiom"]
[Black "Iturrizaga Bonelli, Eduardo"]
[Result "0-1"]
[WhiteElo "2428"]
[BlackElo "2597"]
[PlyCount "64"]
[EventDate "2019.12.26"]
[EventType "swiss (rapid)"]
[EventRounds "15"]
[EventCountry "RUS"]
[Source "ChessMix"]
[SourceDate "2020.01.01"]

1. e4 c5 2. Nf3 e6 3. Nc3 a6 4. d4 cxd4 5. Nxd4 Qc7 6. Bd3 Nf6 7. Qe2 d6 8. f4
g6 9. Nf3 Bg7 10. O-O O-O 11. Kh1 Nc6 12. Bd2 b6 13. Rae1 Bb7 14. Qf2 b5 15.
Qh4 b4 16. Nd1 a5 17. f5 exf5 18. exf5 Ne5 19. Nxe5 dxe5 20. Bg5 Qc6 21. Ne3
Nh5 22. f6 Bh8 23. Be2 Nf4 24. Bf3 e4 25. Bxe4 Qxe4 26. Rxf4 Qc6 27. Rc4 Qd6
28. Rd4 Qc6 29. Rc4 Qd6 30. Rd4 Qc6 31. Qh6 Rfe8 32. Rh4 Qxg2+ 0-1

[Event "Wch Rapid"]
[Site "Moscow RUS"]
[Date "2019.12.27"]
[Round "6.78"]
[White "Rychagov, Andrey"]
[Black "Samsonkin, Artiom"]
[Result "1/2-1/2"]
[WhiteElo "2545"]
[BlackElo "2428"]
[PlyCount "117"]
[EventDate "2019.12.26"]
[EventType "swiss (rapid)"]
[EventRounds "15"]
[EventCountry "RUS"]
[Source "ChessMix"]
[SourceDate "2020.01.01"]

1. d4 Nf6 2. c4 e6 3. Nf3 Bb4+ 4. Bd2 Qe7 5. Nc3 O-O 6. e3 d6 7. a3 Bxc3 8.
Bxc3 Ne4 9. Qc2 f5 10. Bd3 Nxc3 11. Qxc3 Nd7 12. b4 a5 13. O-O b6 14. e4 Bb7
15. Rfe1 axb4 16. axb4 Rxa1 17. Qxa1 fxe4 18. Bxe4 Bxe4 19. Rxe4 Qf7 20. Qe1 e5
21. dxe5 Nxe5 22. Nxe5 dxe5 23. Qe2 Qe7 24. b5 Rf5 25. h3 Qc5 26. g3 h6 27. Re3
Qd4 28. Qg4 Qxg4 29. hxg4 Rg5 30. Re4 Kf7 31. Kg2 Ke6 32. f4 Rxg4 33. Kf3 Rg6
34. g4 Kd6 35. fxe5+ Ke6 36. Kf4 Ke7 37. Re3 Re6 38. Ra3 Kd7 39. Rd3+ Ke7 40.
Rh3 Kf7 41. Kf5 Re7 42. Rf3 Re6 43. Ra3 g6+ 44. Ke4 h5 45. gxh5 gxh5 46. Ra7
Re7 47. Kf5 h4 48. Ra8 Re8 49. Ra7 Re7 50. Ra3 Re8 51. Ra7 Re7 52. e6+ Rxe6 53.
Rxc7+ Re7 54. Rc6 h3 55. Rxb6 Rc7 56. Rh6 Rxc4 57. b6 Rb4 58. Ke5 Kg7 59. Rxh3
1/2-1/2

[Event "Wch Rapid"]
[Site "Moscow RUS"]
[Date "2019.12.27"]
[Round "7.80"]
[White "Samsonkin, Artiom"]
[Black "Hansen, Eric"]
[Result "0-1"]
[WhiteElo "2428"]
[BlackElo "2606"]
[PlyCount "104"]
[EventDate "2019.12.26"]
[EventType "swiss (rapid)"]
[EventRounds "15"]
[EventCountry "RUS"]
[Source "ChessMix"]
[SourceDate "2020.01.01"]

1. e4 c5 2. Nf3 e6 3. Nc3 a6 4. d4 cxd4 5. Nxd4 Qc7 6. Bd3 Nf6 7. Qe2 d6 8. f4
Nbd7 9. g4 Nc5 10. g5 Nfd7 11. O-O g6 12. Be3 b5 13. a3 Bb7 14. b4 Nxd3 15.
cxd3 Bg7 16. Rac1 Qd8 17. h4 O-O 18. h5 Re8 19. Qf2 Rc8 20. Nde2 Qe7 21. Qg3
Nf8 22. h6 Bxc3 23. Nxc3 f5 24. gxf6 Qxf6 25. e5 Qf5 26. Ne4 Bxe4 27. dxe4 Qxe4
28. exd6 Nd7 29. Rc7 Rxc7 30. dxc7 Rc8 31. Rc1 Kf7 32. Bf2 Nf6 33. Qg5 Qd5 34.
Bh4 Qd4+ 35. Bf2 Qd2 36. Qc5 Nd5 37. Qc2 Qxc2 38. Rxc2 Rxc7 39. Bc5 Kf6 40. Re2
Nxf4 41. Bd4+ Kf7 42. Rf2 g5 43. Be5 Rc4 44. Rd2 Nd5 45. Bg7 Kg6 46. Re2 Nf4
47. Rd2 g4 48. Kf2 Nh5 49. Be5 Kf5 50. Bb8 Rc8 51. Bh2 Rc3 52. Bd6 e5 0-1

[Event "Wch Rapid"]
[Site "Moscow RUS"]
[Date "2019.12.27"]
[Round "8.83"]
[White "Salgado Lopez, Ivan"]
[Black "Samsonkin, Artiom"]
[Result "1/2-1/2"]
[WhiteElo "2605"]
[BlackElo "2428"]
[PlyCount "70"]
[EventDate "2019.12.26"]
[EventType "swiss (rapid)"]
[EventRounds "15"]
[EventCountry "RUS"]
[Source "ChessMix"]
[SourceDate "2020.01.01"]

1. e4 c5 2. c3 e6 3. Nf3 d5 4. exd5 exd5 5. d4 Nc6 6. Bb5 Bd6 7. dxc5 Bxc5 8.
O-O Nge7 9. Nbd2 O-O 10. Nb3 Bb6 11. Nfd4 Nxd4 12. Nxd4 Nf5 13. Nf3 d4 14. Bg5
Qd5 15. Ba4 h6 16. Bf4 Be6 17. Bb3 Qe4 18. Bxe6 fxe6 19. Bd2 Nh4 20. Nxh4 Qxh4
21. Qe2 e5 22. Qxe5 Rae8 23. Qd5+ Kh8 24. g3 Qg4 25. cxd4 Qxd4 26. Qxd4 Bxd4
27. Bc3 Bxc3 28. bxc3 Re2 29. a4 Rc2 30. Rab1 b6 31. a5 bxa5 32. Rb5 Rxc3 33.
Rxa5 Rf7 34. Ra2 Rfc7 35. Kg2 Rc2 1/2-1/2

[Event "Wch Rapid"]
[Site "Moscow RUS"]
[Date "2019.12.27"]
[Round "9.82"]
[White "Kryakvin, Dmitry"]
[Black "Samsonkin, Artiom"]
[Result "0-1"]
[WhiteElo "2596"]
[BlackElo "2428"]
[PlyCount "90"]
[EventDate "2019.12.26"]
[EventType "swiss (rapid)"]
[EventRounds "15"]
[EventCountry "RUS"]
[Source "ChessMix"]
[SourceDate "2020.01.01"]

1. d4 Nf6 2. Bg5 e6 3. e4 h6 4. Bxf6 Qxf6 5. c3 d6 6. Bc4 Qe7 7. Ne2 Nd7 8. O-O
Nf6 9. Nd2 g6 10. Ng3 h5 11. Re1 e5 12. Nf3 Bg7 13. Qa4+ Nd7 14. Qa3 O-O 15.
dxe5 Nxe5 16. Nxe5 Bxe5 17. Nf1 c6 18. g3 b5 19. Bb3 Bh3 20. f4 Bg7 21. e5 c5
22. Qa6 dxe5 23. Qxb5 Rab8 24. Qe2 Qb7 25. fxe5 Bxe5 26. Qf2 Bg7 27. Ne3 a5 28.
Re2 Rbd8 29. Rae1 Rd6 30. Ng2 Qc6 31. Nf4 Bg4 32. Re4 Bc8 33. Ba4 Qb6 34. Re8
Bb7 35. Rxf8+ Bxf8 36. Re8 Rd8 37. Re1 Ba8 38. Bc2 Qxb2 39. Nxg6 Qxc3 40. Ne5
Qd4 41. Re3 Bd5 42. Bf5 Re8 43. Qf4 Bg7 44. Qg5 Qd2 45. Be4 Bxe4 0-1

[Event "Wch Rapid"]
[Site "Moscow RUS"]
[Date "2019.12.27"]
[Round "10.76"]
[White "Samsonkin, Artiom"]
[Black "Yilmaz, Mustafa"]
[Result "0-1"]
[WhiteElo "2428"]
[BlackElo "2604"]
[PlyCount "104"]
[EventDate "2019.12.26"]
[EventType "swiss (rapid)"]
[EventRounds "15"]
[EventCountry "RUS"]
[Source "ChessMix"]
[SourceDate "2020.01.01"]

1. e4 c5 2. Nf3 d6 3. d4 cxd4 4. Qxd4 Nc6 5. Bb5 a6 6. Bxc6+ bxc6 7. O-O e5 8.
Qd3 Qc7 9. Na3 Nf6 10. Bg5 Nd7 11. Be3 Be7 12. Rfd1 Bb7 13. c4 O-O 14. Rac1 c5
15. Nb1 f5 16. Nc3 Nf6 17. Ng5 f4 18. Bd2 Qd7 19. f3 Kh8 20. Nh3 g5 21. Nf2 Rg8
22. g4 fxg3 23. hxg3 Raf8 24. Kg2 g4 25. f4 Nh5 26. Rh1 Qe8 27. Nd5 Bxd5 28.
exd5 exf4 29. Rce1 Rg5 30. gxf4 Rxf4 31. Qc3+ Kg8 32. Bxf4 Nxf4+ 33. Kg1 Qf7
34. Qg3 Nh3+ 35. Kg2 h5 36. Ne4 Nf4+ 37. Kg1 Re5 38. Rh2 Qf5 39. Nc3 Rxe1+ 40.
Qxe1 Bf6 41. Qe4 Bd4+ 42. Kh1 Qf7 43. Ne2 Nh3 44. Rg2 Qf1+ 45. Kh2 Be5+ 46. Ng3
Qf6 47. Kh1 Nf2+ 48. Rxf2 Qxf2 49. Qg6+ Kf8 50. Qh6+ Ke7 51. Qh7+ Kd8 52. Qg8+
Kc7 0-1

[Event "Wch Rapid"]
[Site "Moscow RUS"]
[Date "2019.12.28"]
[Round "11.83"]
[White "Tran Tuan Minh"]
[Black "Samsonkin, Artiom"]
[Result "1/2-1/2"]
[WhiteElo "2529"]
[BlackElo "2428"]
[PlyCount "123"]
[EventDate "2019.12.26"]
[EventType "swiss (rapid)"]
[EventRounds "15"]
[EventCountry "RUS"]
[Source "ChessMix"]
[SourceDate "2020.01.01"]

1. c4 Nf6 2. Nc3 e6 3. Nf3 d5 4. d4 a6 5. cxd5 exd5 6. Bf4 Bd6 7. Bg3 O-O 8. e3
Bf5 9. Qb3 Nc6 10. Be2 Bxg3 11. hxg3 Qd6 12. Nh4 Be6 13. g4 g6 14. Bf3 h6 15.
O-O-O Kg7 16. Rdf1 Ne7 17. Be2 Nxg4 18. Nf3 b5 19. Kb1 Rab8 20. Ka1 c6 21. Ne1
c5 22. dxc5 Qxc5 23. Nd3 Qd6 24. Nf4 Nf6 25. Rd1 b4 26. Nb1 Ne4 27. Rhf1 Nc5
28. Qc2 Bf5 29. Qd2 Rfd8 30. Qd4+ f6 31. g4 Ne6 32. Nxe6+ Bxe6 33. f4 Bf7 34.
Rh1 Nc6 35. Qd2 d4 36. e4 g5 37. e5 Qe6 38. b3 gxf4 39. Bc4 Qxe5 40. Rde1 Qd6
41. Bxf7 Kxf7 42. Qd3 Kg7 43. Rxh6 Kxh6 44. Rh1+ Kg7 45. Rh7+ Kf8 46. Rh8+ Ke7
47. Qh7+ Ke6 48. Qf5+ Ke7 49. Rh7+ Kf8 50. Rh8+ Ke7 51. Rh7+ Kf8 52. Rh8+ Ke7
53. Qh7+ Ke6 54. Qf5+ Ke7 55. Rh7+ Kf8 56. Qg6 Rd7 57. Rh8+ Ke7 58. Qh7+ Ke6
59. Qf5+ Ke7 60. Qh7+ Ke6 61. Qf5+ Ke7 62. Qh7+ 1/2-1/2

[Event "Wch Rapid"]
[Site "Moscow RUS"]
[Date "2019.12.28"]
[Round "12.81"]
[White "Samsonkin, Artiom"]
[Black "Frolyanov, Dmitry"]
[Result "0-1"]
[WhiteElo "2428"]
[BlackElo "2556"]
[PlyCount "100"]
[EventDate "2019.12.26"]
[EventType "swiss (rapid)"]
[EventRounds "15"]
[EventCountry "RUS"]
[Source "ChessMix"]
[SourceDate "2020.01.01"]

1. e4 c5 2. Nf3 Nc6 3. Bb5 g6 4. c3 Bg7 5. d4 Qb6 6. Bxc6 bxc6 7. dxc5 Qxc5 8.
O-O Nf6 9. Re1 O-O 10. h3 d5 11. e5 Ne4 12. Be3 Qb5 13. Qc1 c5 14. Bh6 c4 15.
Bxg7 Kxg7 16. Nd4 Qb6 17. b4 a5 18. f3 Ng3 19. Qe3 Qa7 20. b5 Nf5 21. Qf2 a4
22. g4 Nxd4 23. Qxd4 Be6 24. Na3 Qd7 25. Rad1 h5 26. Kg2 Rh8 27. b6 Rab8 28.
Rb1 Qc6 29. Rb5 Rh7 30. g5 h4 31. f4 Rb7 32. Reb1 Rh8 33. Rc5 Qd7 34. Kh2 Rhb8
35. Ra5 Qd8 36. Rab5 Qh8 37. Qd1 Bf5 38. R1b2 e6 39. Nc2 Qd8 40. Nd4 Rxb6 41.
Qxa4 Rxb5 42. Rxb5 Ra8 43. Nxf5+ gxf5 44. Qc2 d4 45. Rb2 Ra3 46. Qf2 dxc3 47.
Rc2 Qd3 48. Qg2 Rb3 49. axb3 cxb3 50. Rf2 c2 0-1

[Event "Wch Rapid"]
[Site "Moscow RUS"]
[Date "2019.12.28"]
[Round "13.89"]
[White "Carlsson, Pontus"]
[Black "Samsonkin, Artiom"]
[Result "0-1"]
[WhiteElo "2456"]
[BlackElo "2428"]
[PlyCount "108"]
[EventDate "2019.12.26"]
[EventType "swiss (rapid)"]
[EventRounds "15"]
[EventCountry "RUS"]
[Source "ChessMix"]
[SourceDate "2020.01.01"]

1. e4 c5 2. Nf3 d6 3. Bb5+ Nd7 4. d4 cxd4 5. Qxd4 a6 6. Bxd7+ Bxd7 7. Nc3 e5 8.
Qd3 h6 9. O-O Nf6 10. Rd1 Rc8 11. Nd2 Bg4 12. f3 Be6 13. Nf1 Bc4 14. Qd2 Be7
15. Ne3 Be6 16. Qe2 O-O 17. Kh1 Qc7 18. Bd2 Qc6 19. Be1 Rfe8 20. Bh4 Kh8 21.
Bxf6 Bxf6 22. Ncd5 Bg5 23. c3 Rf8 24. Nf5 Bxf5 25. exf5 Qc4 26. Qc2 Rc5 27. b3
Qh4 28. g3 Qh5 29. Qe4 Rfc8 30. Rd3 Qh3 31. a4 Rf8 32. Re1 g6 33. Qg4 Qxg4 34.
fxg4 b5 35. axb5 Rxb5 36. c4 Ra5 37. f6 Ra2 38. h4 Bd2 39. Re2 Ra1+ 40. Kg2 Ba5
41. b4 Bd8 42. g5 Re8 43. Nc3 Rc1 44. c5 dxc5 45. Rxe5 Rxe5 46. Rxd8+ Kh7 47.
Nd1 hxg5 48. hxg5 cxb4 49. Rd7 Rxg5 50. Rxf7+ Kg8 51. Rg7+ Kf8 52. Ne3 Rc3 53.
Re7 Rxe3 54. Rxe3 Rb5 0-1

[Event "Wch Rapid"]
[Site "Moscow RUS"]
[Date "2019.12.28"]
[Round "14.73"]
[White "Samsonkin, Artiom"]
[Black "Donchenko, Alexander"]
[Result "0-1"]
[WhiteElo "2428"]
[BlackElo "2644"]
[PlyCount "136"]
[EventDate "2019.12.26"]
[EventType "swiss (rapid)"]
[EventRounds "15"]
[EventCountry "RUS"]
[Source "ChessMix"]
[SourceDate "2020.01.01"]

1. e4 c5 2. Nf3 e6 3. Nc3 Nc6 4. Bb5 Nge7 5. O-O a6 6. Bxc6 Nxc6 7. d4 cxd4 8.
Nxd4 Be7 9. Nxc6 dxc6 10. e5 Qxd1 11. Rxd1 c5 12. Ne4 Bd7 13. Nd6+ Bxd6 14.
Rxd6 Bc6 15. Be3 c4 16. Rad1 Bd5 17. f4 Rd8 18. Rxd8+ Kxd8 19. f5 Kc7 20. fxe6
Bxe6 21. Rd6 Re8 22. Bb6+ Kc8 23. Kf2 c3 24. b3 Bf5 25. Rd4 Bxc2 26. Rc4+ Kd7
27. Rxc3 Be4 28. Bd4 Ke6 29. g3 h5 30. Ke3 Bc6 31. Rc2 Rh8 32. Rd2 h4 33. g4 h3
34. Bc3 Bd5 35. Kf4 Rc8 36. Rd3 Rh8 37. Bb4 b6 38. Rc3 a5 39. Ba3 Kd7 40. Bd6
Bc6 41. Rd3 Bb5 42. Rc3 Bc6 43. Rd3 Kc8 44. Ba3 Bd7 45. Rc3+ Kb7 46. Bd6 Be6
47. Kg3 Rh6 48. Rd3 Kc6 49. Rd4 Rh8 50. Be7 Kc7 51. Bd6+ Kb7 52. Be7 Rc8 53.
Kxh3 Rc3+ 54. Kh4 Rc2 55. Bd8 Rxh2+ 56. Kg5 Rxa2 57. Rd6 b5 58. Rb6+ Kc8 59.
Be7 b4 60. Bf8 Bxb3 61. Bxg7 Be6 62. Bf8 b3 63. Bd6 a4 64. Kf6 Kd7 65. Bc5 Rc2
66. Bd6 Rf2+ 67. Kg7 b2 68. Ba3 Bb3 0-1

[Event "Wch Rapid"]
[Site "Moscow RUS"]
[Date "2019.12.28"]
[Round "15.87"]
[White "Pigusov, Evgeny"]
[Black "Samsonkin, Artiom"]
[Result "0-1"]
[WhiteElo "2500"]
[BlackElo "2406"]
[PlyCount "116"]
[EventDate "2019.12.26"]
[EventType "swiss (rapid)"]
[EventRounds "15"]
[EventCountry "RUS"]
[Source "ChessMix"]
[SourceDate "2020.01.01"]

1. Nf3 Nf6 2. c4 e6 3. g3 b6 4. Bg2 Bb7 5. O-O g6 6. b3 Bg7 7. Bb2 O-O 8. d4 d6
9. Nbd2 Nbd7 10. Qc2 c5 11. Rad1 Qe7 12. Qb1 a6 13. Rfe1 cxd4 14. Nxd4 Bxg2 15.
Kxg2 Nc5 16. f3 e5 17. Nc2 b5 18. Nb4 Qb7 19. Nd3 Ne6 20. Nf2 Rad8 21. Nfe4 Ne8
22. Nc3 f5 23. Nd5 N8c7 24. Nf1 Nxd5 25. cxd5 Nc7 26. e4 Rf7 27. Bc1 Rdf8 28.
Be3 b4 29. Qd3 Nb5 30. Nd2 Nc3 31. Rc1 Qd7 32. a3 a5 33. axb4 axb4 34. Ra1 fxe4
35. fxe4 Bh6 36. Rf1 Bxe3 37. Qxe3 Rxf1 38. Rxf1 Rxf1 39. Nxf1 Qg4 40. Nd2 Qd1
41. Nc4 Qc2+ 42. Kf3 Nd1 43. Qb6 Qxb3+ 44. Kg4 Nf2+ 45. Kg5 Nxe4+ 46. Kh6 Qf3
47. Qd8+ Qf8+ 48. Qxf8+ Kxf8 49. Kxh7 Kf7 50. h4 b3 51. g4 Nf6+ 52. Kh6 Nxg4+
53. Kg5 Ne3 54. Nxd6+ Kg7 55. Nb5 b2 56. Na3 Nxd5 57. h5 gxh5 58. Kxh5 Kf6 0-1

[Event "Toronto op"]
[Site "Toronto CAN"]
[Date "2019.08.31"]
[Round "1.2"]
[White "Samsonkin, Artiom"]
[Black "Yao, Houji"]
[Result "1-0"]
[WhiteElo "2526"]
[BlackElo "2258"]
[PlyCount "66"]
[EventDate "2019.08.31"]
[EventType "swiss"]
[EventRounds "6"]
[EventCountry "CAN"]

1. e4 c5 2. Nf3 e6 3. Nc3 Nc6 4. Bb5 Nge7 5. O-O a6 6. Bxc6 Nxc6 7. d4 cxd4 8.
Nxd4 Qc7 9. Re1 d6 10. Nxc6 bxc6 11. Qf3 Bb7 12. Qg3 O-O-O 13. Be3 g6 14. Rad1
Bg7 15. Bf4 e5 16. Be3 f5 17. Qh3 Qf7 18. Bb6 Rd7 19. Rd3 d5 20. Rf3 dxe4 21.
Nxe4 Qc4 22. Ba5 Qxc2 23. Nc3 e4 24. Nxe4 Bxb2 25. Rfe3 fxe4 26. Rxe4 Rhd8 27.
Bxd8 Kxd8 28. Qg3 Qxe4 29. Qb8+ Bc8 30. Qb6+ Rc7 31. Rxe4 Bf6 32. Rf4 Be7 33.
Rf7 Bd6 1-0

[Event "Toronto op"]
[Site "Toronto CAN"]
[Date "2019.08.31"]
[Round "2.2"]
[White "Noritsyn, Sergey"]
[Black "Samsonkin, Artiom"]
[Result "0-1"]
[WhiteElo "2325"]
[BlackElo "2526"]
[PlyCount "64"]
[EventDate "2019.08.31"]
[EventType "swiss"]
[EventRounds "6"]
[EventCountry "CAN"]

1. e4 c5 2. Nf3 d6 3. Bb5+ Bd7 4. Bxd7+ Nxd7 5. O-O Ngf6 6. Re1 Rc8 7. b3 g6 8.
Bb2 Bg7 9. c3 Qc7 10. Na3 O-O 11. d4 cxd4 12. cxd4 d5 13. e5 Ne4 14. Nd2 Nxd2
15. Qxd2 f6 16. Re2 Qb6 17. exf6 Nxf6 18. f3 e5 19. Rxe5 Ne4 20. Rxe4 dxe4 21.
fxe4 Rfd8 22. Rd1 Bxd4+ 23. Bxd4 Rxd4 24. Qxd4 Rc1 25. Rxc1 Qxd4+ 26. Kf1 Qd3+
27. Ke1 Qxe4+ 28. Kd1 Qxg2 29. Rc2 Qg1+ 30. Kd2 Qxh2+ 31. Kc1 Qf4+ 32. Kb2 h5
0-1

[Event "Toronto op"]
[Site "Toronto CAN"]
[Date "2019.09.01"]
[Round "3.2"]
[White "Samsonkin, Artiom"]
[Black "Humphreys, Michael"]
[Result "1-0"]
[WhiteElo "2526"]
[BlackElo "2332"]
[PlyCount "95"]
[EventDate "2019.08.31"]
[EventType "swiss"]
[EventRounds "6"]
[EventCountry "CAN"]

1. e4 c6 2. d4 d5 3. e5 Bf5 4. h4 h5 5. Bd3 Bxd3 6. Qxd3 Qa5+ 7. Nd2 e6 8. Ngf3
Ne7 9. O-O Qa6 10. c4 Nf5 11. b3 Be7 12. g3 Nd7 13. Bb2 O-O 14. Qc2 Rac8 15. c5
Qa5 16. Bc3 Qc7 17. Ng5 b6 18. b4 a5 19. a3 Ra8 20. Rfe1 Rfb8 21. Ndf3 Qd8 22.
Bd2 axb4 23. axb4 bxc5 24. bxc5 Rb7 25. Nh3 Qb8 26. Be3 Raa7 27. Nf4 g6 28. Nd3
Bd8 29. Kg2 Rxa1 30. Rxa1 Ra7 31. Ra4 Qa8 32. Rxa7 Qxa7 33. Nb4 Nb8 34. Qb3 Ne7
35. Ng5 Qa8 36. Bd2 Nf5 37. Nf3 Bc7 38. Nc2 Na6 39. Ne3 Qb8 40. Qa2 Qb7 41.
Nxf5 exf5 42. Bh6 Bd8 43. e6 Bf6 44. Qe2 Nb8 45. Bg5 Be7 46. exf7+ Kxf7 47. Qe5
Na6 48. Qh8 1-0

[Event "Toronto op"]
[Site "Toronto CAN"]
[Date "2019.09.01"]
[Round "4.1"]
[White "Noritsyn, Nikolay"]
[Black "Samsonkin, Artiom"]
[Result "1-0"]
[WhiteElo "2606"]
[BlackElo "2526"]
[PlyCount "81"]
[EventDate "2019.08.31"]
[EventType "swiss"]
[EventRounds "6"]
[EventCountry "CAN"]

1. e4 c5 2. Nf3 d6 3. d4 cxd4 4. Nxd4 Nf6 5. f3 e5 6. Nb3 Be7 7. c4 Be6 8. Be3
a5 9. Be2 a4 10. N3d2 Nh5 11. g3 Nc6 12. Nc3 Nd4 13. Nxa4 Bg5 14. Bxg5 Qxg5 15.
Nb6 Nf4 16. Nxa8 O-O 17. Nc7 Bh3 18. Kf2 Nfxe2 19. Re1 Nf4 20. Nb3 Ng2 21. Nxd4
Nxe1 22. Nb3 Ng2 23. Qd2 Qd8 24. Qa5 Qg5 25. Qb6 Qh6 26. Rg1 f5 27. exf5 Rxf5
28. Rxg2 e4 29. f4 Bxg2 30. Kxg2 Qh5 31. Qe3 g5 32. Qxe4 gxf4 33. Nd4 fxg3 34.
Qxf5 Qxh2+ 35. Kf3 Qf2+ 36. Ke4 Qe1+ 37. Kd5 Qh1+ 38. Ke6 Qh6+ 39. Qf6 Qe3+ 40.
Kd7 g2 41. Nde6 1-0

[Event "Toronto op"]
[Site "Toronto CAN"]
[Date "2019.09.02"]
[Round "5.3"]
[White "Samsonkin, Artiom"]
[Black "Dukic, Zachary"]
[Result "1-0"]
[WhiteElo "2526"]
[BlackElo "2415"]
[PlyCount "93"]
[EventDate "2019.08.31"]
[EventType "swiss"]
[EventRounds "6"]
[EventCountry "CAN"]

1. e4 e5 2. Nf3 Nc6 3. Bc4 Bc5 4. c3 Nf6 5. d3 O-O 6. O-O d5 7. exd5 Nxd5 8.
Re1 Bg4 9. h3 Bh5 10. Nbd2 Nb6 11. Bb3 Qxd3 12. Nxe5 Qg3 13. Qxh5 Qxf2+ 14. Kh2
Bd6 15. Ndf3 Nxe5 16. Rxe5 Nd7 17. Bf4 Nxe5 18. Bxe5 Rae8 19. Bxd6 cxd6 20. Bc4
h6 21. Rf1 Qc5 22. Qg4 b5 23. Bd3 Re3 24. Rd1 a5 25. Qf4 Rfe8 26. a3 R3e6 27.
Qd4 Qc6 28. Qa7 Ra8 29. Qf2 Rf6 30. Qh4 Rb8 31. Re1 Qc5 32. Re4 Qd5 33. Nd4 b4
34. axb4 axb4 35. cxb4 Qg5 36. Qxg5 hxg5 37. Nc6 Ra8 38. b5 g6 39. b6 d5 40.
Ne7+ Kg7 41. Nxd5 Rd6 42. Bc4 Rad8 43. b7 Kf8 44. Re7 Rxd5 45. Rc7 Re5 46. Rc8
Ree8 47. Ba6 1-0

[Event "Toronto op"]
[Site "Toronto CAN"]
[Date "2019.09.02"]
[Round "6.2"]
[White "Chiku-Ratte, Olivier-Kenta"]
[Black "Samsonkin, Artiom"]
[Result "1/2-1/2"]
[WhiteElo "2461"]
[BlackElo "2526"]
[PlyCount "60"]
[EventDate "2019.08.31"]
[EventType "swiss"]
[EventRounds "6"]
[EventCountry "CAN"]

1. d4 Nf6 2. c4 e6 3. Nf3 d5 4. Nc3 a6 5. cxd5 exd5 6. Bg5 Be6 7. e3 Nbd7 8.
Bd3 h6 9. Bh4 g5 10. Bg3 Nh5 11. Qc2 c6 12. O-O-O Nxg3 13. hxg3 Bg7 14. Nd2 Qc7
15. f4 Nb6 16. Nb3 O-O-O 17. Nc5 Nd7 18. Nb3 Nb6 19. Kb1 Kb8 20. Rc1 Bc8 21.
Nc5 Qe7 22. Rhe1 Rhe8 23. Qb3 Ka7 24. a4 Nd7 25. Nxd7 Rxd7 26. a5 Qd8 27. Bf5
Rde7 28. Bxc8 Qxc8 29. Qb6+ Kb8 30. Nd1 Qc7 1/2-1/2

[Event "CAN-ch"]
[Site "Kingston CAN"]
[Date "2019.04.18"]
[Round "1.5"]
[White "Noritsyn, Sergey"]
[Black "Samsonkin, Artiom"]
[Result "0-1"]
[WhiteElo "2159"]
[BlackElo "2424"]
[PlyCount "82"]
[EventDate "2019.04.18"]
[EventType "swiss"]
[EventRounds "9"]
[EventCountry "CAN"]

1. e4 c5 2. Nf3 d6 3. Bb5+ Nd7 4. O-O a6 5. Bd3 Ngf6 6. Re1 g6 7. c3 Bg7 8. Bc2
O-O 9. d4 cxd4 10. cxd4 b5 11. a4 Bb7 12. Qe2 Qc7 13. Bd3 b4 14. Bd2 a5 15. Rc1
Qb8 16. Be1 e5 17. dxe5 dxe5 18. Nbd2 Qa7 19. Nb3 Rac8 20. Bd2 Qa8 21. Re1 Rfd8
22. Rac1 Rxc1 23. Bxc1 Bc6 24. Bb5 Bxe4 25. Bg5 Bd5 26. Bxd7 Rxd7 27. Nxe5 Re7
28. Nd4 Rxe5 29. Qxe5 Ne4 30. Rxe4 Bxe5 31. Rxe5 Kg7 32. h4 Bxg2 33. h5 h6 34.
Be3 Bh1 35. Kf1 Be4 36. Nb3 Bd3+ 37. Ke1 gxh5 38. Bd4 Kg6 39. Nc5 Bf5 40. Re3
h4 41. Nb3 Qd5 0-1

[Event "CAN-ch"]
[Site "Kingston CAN"]
[Date "2019.04.19"]
[Round "2.4"]
[White "Samsonkin, Artiom"]
[Black "Doknjas, Joshua"]
[Result "1/2-1/2"]
[WhiteElo "2424"]
[BlackElo "2203"]
[PlyCount "42"]
[EventDate "2019.04.18"]
[EventType "swiss"]
[EventRounds "9"]
[EventCountry "CAN"]

1. e4 c5 2. Nf3 d6 3. d4 cxd4 4. Qxd4 Nf6 5. Bg5 Nc6 6. Bb5 Bd7 7. Bxc6 Bxc6 8.
Nc3 e6 9. O-O-O Be7 10. Rhe1 h6 11. Bh4 O-O 12. Kb1 b5 13. Bxf6 Bxf6 14. Qxd6
Qb6 15. Ne5 Bxe5 16. Qxe5 b4 17. Ne2 Qxf2 18. Nd4 Bb7 19. Re2 Qh4 20. Nf3 Qe7
21. Rd4 Rfd8 1/2-1/2

[Event "CAN-ch"]
[Site "Kingston CAN"]
[Date "2019.04.19"]
[Round "3.4"]
[White "Hambleton, Aman"]
[Black "Samsonkin, Artiom"]
[Result "1/2-1/2"]
[WhiteElo "2484"]
[BlackElo "2424"]
[PlyCount "58"]
[EventDate "2019.04.18"]
[EventType "swiss"]
[EventRounds "9"]
[EventCountry "CAN"]

1. c4 Nf6 2. Nc3 e5 3. g3 d5 4. cxd5 Nxd5 5. Bg2 Nb6 6. e3 Be7 7. Nge2 O-O 8.
f4 exf4 9. Nxf4 c5 10. O-O Nc6 11. b3 Bf5 12. Ba3 Qd7 13. Ncd5 Nxd5 14. Nxd5
Bd3 15. Nxe7+ Nxe7 16. Rf2 Rac8 17. Qf3 b6 18. Bb2 f6 19. g4 Ng6 20. Qg3 Qc7
21. Qxc7 Rxc7 22. Bd5+ Kh8 23. h3 Rd7 24. Bg2 Rfd8 25. Bc3 Kg8 26. Kh2 Ba6 27.
Kg3 Ne7 28. a3 Nd5 29. Bxd5+ Rxd5 1/2-1/2